The National Youth Choir v Bratislave

Bibliographic Details
Format: Article
Language:Slovak
ISSN:1335-4140
Subjects:

MARC

LEADER 00000nab a2200000 a 4500
001 vtls008871792
003 SK-MaSNL
005 20260426083633.0
008 250505c2006 xo zr|p|||||||000 b|slo
015 |a SNBRB2006/10  |2 snkbucl 
035 |a (uuid)754b7551-dcb5-4fc6-8add-fa8ab9edd4d2 
035 |a urn:nbn:sk:snk-ab20s4 
035 |a (urnnbn)urn:nbn:sk:snk:ar-a01dfn 
038 |a SNKBUCL 
040 |a SNKBUCL  |b slo  |c SNKBUCL  |e AACR2 
041 0 |a slo 
044 |a xo  |c SK 
080 |a 78.087.68:061.7  |x (410)  |2 2001 
245 0 4 |a The National Youth Choir v Bratislave  |c [autor] -bm- 
610 2 7 |a National Youth Choir (Veľká Británia)  |x koncerty  |2 snkbucl  |9 1454266 
648 7 |a 25.8.2006  |2 snkbucl  |9 1454267 
651 7 |a Bratislava (Slovensko)  |2 snkbucl  |9 14568 
773 0 |t Hudobný život  |g Roč. XXXVIII, č. 10 (2006), s. 2  |x 1335-4140 
850 |a Slovenská národná knižnica 
852 |a Slovenská národná knižnica 
954 |a odborná, vedecká literatúra pôvodná (slovenská)  |2 lita 
958 |a article27 
958 |a OND 
958 |a GB 
958 |a EUIPO 
999 |c 2910013  |d 2911943